| 000 | 00544nam a22001697a 4500 | ||
|---|---|---|---|
| 020 | _qHard Cover. | ||
| 082 | _a005 | ||
| 100 | _aRaja Muhammad Saad Bashir. | ||
| 245 | _aUnsupervised Vehicle Re-Identification | ||
| 260 |
_aIslamabad : _bSEECS - NUST, _c2018. |
||
| 300 |
_axiv, 61 p. : ill. ; _c30cm. |
||
| 650 |
_aMS. Computer Science. _926780 |
||
| 700 |
_aDr. Muhammad Moazam Fraz. _919799 |
||
| 856 | _uhttp://10.250.8.41:8080/xmlui/handle/123456789/13789 | ||
| 942 |
_2ddc _cTHE |
||
| 999 |
_c533163 _d533163 |
||